000 00444nam a2200181Ia 4500
005 20250423095931.0
008 250422s9999 xx 000 0 und d
020 _a1-58062-070-1
050 _aHF 5549.5.16 .Y37/
100 _aMartin Yate
245 0 _aKnock EmDead 1999
260 _aMassachusetts
260 _bAdamsMedia Corporation Holbrook
260 _c1987
300 _a337 p
650 _aEmployment Interviewing
942 _cBK
999 _c31777
_d31777